NBA #1 Overall Picks Stat Leaders - Statistics

General Stats
  • This quiz has been taken 28 times
  • The average score is 32 of 50
Answer Stats
Points Answer % Correct
1 LeBron James
100%
8 LeBron James
100%
1 LeBron James
100%
1 LeBron James
100%
2 Kareem Abdul-Jabbar
88%
1 Kareem Abdul-Jabbar
88%
6 Kareem Abdul-Jabbar
88%
8 Kareem Abdul-Jabbar
88%
2 Kareem Abdul-Jabbar
88%
3 Shaquille O'Neal
88%
7 Shaquille O'Neal
88%
6 Shaquille O'Neal
88%
5 Hakeem Olajuwon
79%
6 Hakeem Olajuwon
79%
2 Hakeem Olajuwon
79%
1 Hakeem Olajuwon
79%
9 Allen Iverson
75%
7 Allen Iverson
75%
3 Allen Iverson
75%
7 Tim Duncan
75%
3 Tim Duncan
75%
9 Tim Duncan
75%
3 Tim Duncan
75%
5 David Robinson
71%
4 David Robinson
71%
2 Magic Johnson
71%
4 Magic Johnson
71%
4 Dwight Howard
67%
10 Dwight Howard
67%
7 Dwight Howard
67%
8 Kyrie Irving
58%
8 Patrick Ewing
58%
9 Patrick Ewing
58%
9 Patrick Ewing
58%
5 Patrick Ewing
58%
7 Chris Webber
54%
9 Anthony Davis
46%
10 Derrick Rose
42%
4 Elvin Hayes
42%
2 Elvin Hayes
42%
10 Elvin Hayes
42%
6 Oscar Robertson
42%
3 Oscar Robertson
42%
5 John Wall
38%
10 Elgin Baylor
29%
10 Elgin Baylor
29%
5 Walt Bellamy
25%
8 Elton Brand
17%
4 John Lucas
0%
6 John Lucas
0%
No matching quizzes found
Score Distribution
Percent of People with Each Score
Percentile by Number Answered
Your Score History
You have not taken this quiz